[Event "Mistrzostwa Polski Niewidomych"]
[Site "Jastrzebia Gora"]
[Date "2009.06.11"]
[Round "10.1"]
[White "Suder, Ryszard"]
[Black "Zoltek, Tadeusz"]
[Result "1/2-1/2"]
[WhiteElo "2175"]
[BlackElo "2227"]
[PlyCount "59"]
[EventDate "2009.??.??"]

1. Nf3 d5 2. g3 Nf6 3. Bg2 c6 4. O-O Bf5 5. d3 h6 6. Nbd2 e6 7. b3 Be7 8. Bb2
O-O 9. c4 a5 10. a3 Bh7 11. Qc2 Nbd7 12. Bc3 b5 13. cxb5 cxb5 14. b4 Rc8 15.
Qb2 Nb6 16. Qb3 Na4 17. Rac1 Nxc3 18. Rxc3 Rxc3 19. Qxc3 axb4 20. axb4 Qd6 21.
Rb1 Ra8 22. Nd4 Qd7 23. N2f3 Bd6 24. Nb3 Qe7 25. Nc5 Rc8 26. Rc1 Nd7 27. d4 Nb6
28. e3 Be4 29. Nd2 Bxg2 30. Kxg2 1/2-1/2

[Event "Mistrzostwa Polski Niewidomych"]
[Site "Jastrzebia Gora"]
[Date "2009.06.11"]
[Round "10.2"]
[White "Pawelec, Bartosz"]
[Black "Stachanczyk, Jacek"]
[Result "1/2-1/2"]
[WhiteElo "2054"]
[BlackElo "2162"]
[PlyCount "48"]
[EventDate "2009.??.??"]

1. e4 e5 2. Nf3 Nf6 3. Nxe5 d6 4. Nf3 Nxe4 5. d3 Nf6 6. d4 Bg4 7. Bd3 Be7 8.
O-O O-O 9. h3 Bh5 10. Bf4 Re8 11. Nbd2 Nbd7 12. Re1 Nf8 13. c3 Bg6 14. Bc4 d5
15. Bb3 Ne4 16. Ne5 Bh4 17. Nxe4 Bxe4 18. Rxe4 dxe4 19. Nxf7 Qf6 20. Nh6+ Kh8
21. Nf7+ Kg8 22. Nh6+ Kh8 23. Nf7+ Kg8 24. Nh6+ Kh8 1/2-1/2

[Event "Mistrzostwa Polski Niewidomych"]
[Site "Jastrzebia Gora"]
[Date "2009.06.11"]
[Round "10.4"]
[White "Staruch, Roman"]
[Black "Lipski, Tadeusz"]
[Result "0-1"]
[WhiteElo "1991"]
[BlackElo "2174"]
[PlyCount "40"]
[EventDate "2009.??.??"]

1. e4 e5 2. f4 Bc5 3. Nf3 d5 4. exd5 e4 5. Qe2 Nf6 6. Qb5+ Nbd7 7. Ne5 Qe7 8.
Nc3 O-O 9. d3 a6 10. Qb3 exd3 11. Bxd3 Nxe5 12. fxe5 Qxe5+ 13. Ne2 Nxd5 14. Bd2
Ne3 15. g3 Bg4 16. Bb4 Nxc2+ 17. Qxc2 Bxb4+ 18. Kf2 Rfe8 19. Qc4 Qe3+ 20. Kf1
Bh3# 0-1

[Event "Mistrzostwa Polski Niewidomych"]
[Site "Jastrzebia Gora"]
[Date "2009.06.11"]
[Round "10.5"]
[White "Ruszczycki, Jacek"]
[Black "Wolanski, Michal"]
[Result "1/2-1/2"]
[WhiteElo "2043"]
[BlackElo "1944"]
[PlyCount "60"]
[EventDate "2009.??.??"]

1. e4 c5 2. f4 d5 3. exd5 Qxd5 4. Qf3 Qxf3 5. Nxf3 Nc6 6. Bc4 Nf6 7. d3 e6 8.
a3 Bd6 9. Nc3 O-O 10. Ne4 Nxe4 11. dxe4 a6 12. Be3 b5 13. O-O-O Rd8 14. Be2 Bb7
15. e5 Be7 16. Rxd8+ Rxd8 17. Rd1 Rxd1+ 18. Kxd1 Kf8 19. Ne1 Nd8 20. Bf3 c4 21.
c3 Ke8 22. Bxb7 Nxb7 23. Nf3 h6 24. Kd2 Bc5 25. Bd4 Kd7 26. g4 g6 27. Ke3 Kc6
28. Ke4 Na5 29. Nd2 Nb7 30. Nf3 Na5 1/2-1/2

[Event "Mistrzostwa Polski Niewidomych"]
[Site "Jastrzebia Gora"]
[Date "2009.06.11"]
[Round "10.6"]
[White "Kulpinski, Piotr"]
[Black "Dukaczewski, Piotr"]
[Result "0-1"]
[WhiteElo "1954"]
[BlackElo "2347"]
[PlyCount "48"]
[EventDate "2009.??.??"]

1. d4 d5 2. c4 dxc4 3. e4 Nc6 4. Nf3 Bg4 5. Bxc4 e6 6. d5 Bxf3 7. gxf3 exd5 8.
exd5 Qe7+ 9. Be3 O-O-O 10. O-O Qh4 11. Be2 g5 12. dxc6 Rxd1 13. Rxd1 Bd6 14.
cxb7+ Kxb7 15. f4 Bxf4 16. Bf3+ Kc8 17. Bxa7 Bxh2+ 18. Kf1 Nf6 19. Na3 Qf4 20.
Be2 Kb7 21. Be3 Qe4 22. Bd3 Qf3 23. Nc4 Nd5 24. Rac1 Re8 0-1

[Event "Mistrzostwa Polski Niewidomych"]
[Site "Jastrzebia Gora"]
[Date "2009.06.12"]
[Round "11.1"]
[White "Dukaczewski, Piotr"]
[Black "Suder, Ryszard"]
[Result "1/2-1/2"]
[WhiteElo "2347"]
[BlackElo "2175"]
[PlyCount "175"]
[EventDate "2009.??.??"]

1. e4 d6 2. d4 Nf6 3. Nc3 g6 4. Be3 Bg7 5. f3 c6 6. Qd2 Qa5 7. g4 h5 8. g5 Nfd7
9. f4 d5 10. exd5 cxd5 11. Nf3 Nc6 12. a3 Nb6 13. b3 Bf5 14. Be2 Nc8 15. O-O e6
16. Ne5 O-O 17. b4 Qd8 18. b5 Na5 19. Na4 Nd6 20. Nc5 Rc8 21. Rfc1 Bxe5 22.
fxe5 Ndc4 23. Bxc4 Nxc4 24. Qf2 b6 25. Nd3 Qd7 26. a4 Bxd3 27. cxd3 Nxe3 28.
Qxe3 Rxc1+ 29. Rxc1 Rc8 30. Kf2 Rc7 31. Qd2 Rxc1 32. Qxc1 Kf8 33. Ke2 Ke8 34.
h4 Kd8 35. Kd2 Qc7 36. Qb2 Kd7 37. Qa3 Ke8 38. Qb4 Qe7 39. Qc3 Qd7 40. Kc2 Kd8
41. Kb3 Qc7 42. Qb4 Qe7 43. Qe1 Qc7 44. Qd2 Kd7 45. Qb4 Ke8 46. Kb2 Qe7 47. Qc3
Qd7 48. Kc1 Kd8 49. Kd2 Qc7 50. Qb2 Qe7 51. Ke3 Qc7 52. Kf4 Qe7 53. Qc3 Qc7 54.
Qa3 Qe7 55. Qd6+ Qd7 56. Qb8+ Qc8 57. Qd6+ Qd7 58. Qf8+ Qe8 59. Qa3 Qe7 60. Qb2
Qc7 61. Ke3 Qe7 62. Kd2 Qc7 63. Qb3 Qe7 64. Kc2 Qc7+ 65. Kb2 Qe7 66. Qc3 Qc7
67. Qd2 Qd7 68. Kb3 Qe8 69. Qc3 Qd7 70. Kb2 Qc7 71. Qb4 Qe7 72. Qb3 Qc7 73. a5
bxa5 74. Qa3 Kc8 75. Qc5 Kb7 76. Kb3 Qb6 77. Ka4 Qc7 78. Ka3 Qb6 79. Ka4 Qc7
80. Kb3 Qb6 81. Qe7+ Qc7 82. Qc5 Qb6 83. Ka4 Qc7 84. Qxc7+ Kxc7 85. Kxa5 Kb7
86. Ka4 Kc7 87. Kb4 Kb6 88. Ka4 1/2-1/2

[Event "Mistrzostwa Polski Niewidomych"]
[Site "Jastrzebia Gora"]
[Date "2009.06.12"]
[Round "11.2"]
[White "Wolanski, Michal"]
[Black "Kulpinski, Piotr"]
[Result "0-1"]
[WhiteElo "1944"]
[BlackElo "1954"]
[PlyCount "98"]
[EventDate "2009.??.??"]

1. c4 c6 2. Nc3 d5 3. cxd5 cxd5 4. d4 Nc6 5. Nf3 Bf5 6. Bf4 e6 7. e3 Bd6 8.
Bxd6 Qxd6 9. Qb3 Nge7 10. Be2 O-O 11. O-O a6 12. Na4 Rfb8 13. Nh4 b5 14. Nxf5
Nxf5 15. Nc5 Ncxd4 16. exd4 Nxd4 17. Qe3 Nxe2+ 18. Qxe2 Qxc5 19. Rfc1 Qe7 20.
Rc6 Rc8 21. Rac1 Qd7 22. Qc2 Rxc6 23. Qxc6 Qxc6 24. Rxc6 Kf8 25. Kf1 Ke8 26.
Rc7 Rd8 27. Ke2 Rd7 28. Rc6 Ra7 29. Rc8+ Ke7 30. f4 f6 31. g4 e5 32. Rg8 Kd6
33. Rd8+ Kc5 34. Rc8+ Kd4 35. f5 Ke4 36. Rc6 Kf4 37. h3 d4 38. Kd3 Rd7 39. Rxa6
e4+ 40. Kd2 e3+ 41. Kd3 h5 42. gxh5 Kxf5 43. Ra5 Kf4 44. Rxb5 Re7 45. Rc5 e2
46. Rc1 Kf3 47. a4 Kf2 48. b4 e1=Q 49. Rxe1 Kxe1 0-1

[Event "Mistrzostwa Polski Niewidomych"]
[Site "Jastrzebia Gora"]
[Date "2009.06.12"]
[Round "11.3"]
[White "Lipski, Tadeusz"]
[Black "Ruszczycki, Jacek"]
[Result "1/2-1/2"]
[WhiteElo "2174"]
[BlackElo "2043"]
[PlyCount "59"]
[EventDate "2009.??.??"]

1. Nf3 d5 2. g3 c6 3. Bg2 e6 4. O-O f5 5. b3 Nf6 6. Bb2 Bd6 7. d3 O-O 8. Nbd2
Qc7 9. c4 Nbd7 10. Rc1 Ne5 11. Nxe5 Bxe5 12. Bxe5 Qxe5 13. Nf3 Qd6 14. cxd5
exd5 15. Qc2 g6 16. Qc5 Qxc5 17. Rxc5 Re8 18. Rc2 Re7 19. Rfc1 Bd7 20. Kf1 Kg7
21. b4 a6 22. Nd4 Ne8 23. Nb3 Nd6 24. Nc5 Be8 25. h3 Kf6 26. Na4 Bf7 27. Nb6
Rae8 28. a4 h6 29. Rb2 g5 30. Bf3 1/2-1/2

[Event "Mistrzostwa Polski Niewidomych"]
[Site "Jastrzebia Gora"]
[Date "2009.06.12"]
[Round "11.4"]
[White "Falkowski, Dawid"]
[Black "Staruch, Roman"]
[Result "1-0"]
[WhiteElo "2035"]
[BlackElo "1991"]
[PlyCount "83"]
[EventDate "2009.??.??"]

1. e4 d5 2. exd5 Nf6 3. Bb5+ Bd7 4. Be2 Nxd5 5. Nf3 Bf5 6. d4 e6 7. O-O Be7 8.
a3 O-O 9. c4 Nb6 10. Nc3 Nc6 11. h3 h6 12. b4 Bf6 13. Be3 a5 14. b5 Ne7 15. Qb3
c6 16. Rad1 Nbc8 17. Ne5 Bxe5 18. dxe5 Qc7 19. f4 Bg6 20. b6 Qb8 21. Rd7 f6 22.
Bc5 Re8 23. Bg4 Bf5 24. exf6 gxf6 25. Bh5 Bg6 26. Bxg6 Nxg6 27. Ne4 Nce7 28.
Bd6 Qc8 29. Bc7 Rf8 30. Rfd1 Qe8 31. Qg3 Qf7 32. Nd6 Qg7 33. f5 exf5 34. Nxf5
Nxf5 35. Rxg7+ Kxg7 36. Qg4 Nfe7 37. Rd7 Kf7 38. Bd6 Rg8 39. Rxb7 Rg7 40. Bxe7
Kg8 41. Ra7 Re8 42. Bxf6 1-0

[Event "Mistrzostwa Polski Niewidomych"]
[Site "Jastrzebia Gora"]
[Date "2009.06.12"]
[Round "11.5"]
[White "Stachanczyk, Jacek"]
[Black "Gunajew, Rafal"]
[Result "1-0"]
[WhiteElo "2162"]
[BlackElo "2245"]
[PlyCount "77"]
[EventDate "2009.??.??"]

1. e4 c5 2. Nf3 e6 3. Nc3 a6 4. d4 cxd4 5. Nxd4 b5 6. Bd3 Qb6 7. Nb3 d6 8. a4
bxa4 9. Rxa4 Nf6 10. Qe2 Be7 11. O-O O-O 12. Be3 Qc7 13. Kh1 Nbd7 14. f4 Bb7
15. Na5 Bc8 16. Nb3 Bb7 17. Na5 Bc8 18. Rfa1 Nc5 19. Rc4 d5 20. exd5 exd5 21.
Nxd5 Nxd5 22. Bxc5 Bxc5 23. Qe4 Nf6 24. Qxa8 Be6 25. Qc6 Qxc6 26. Nxc6 Bxc4 27.
Bxc4 Ne4 28. g3 g6 29. b4 Rc8 30. Bd5 Nf6 31. Bf3 Bf8 32. Kg2 Nd7 33. Rxa6 Nb8
34. Ra8 Rxc6 35. Bxc6 Nxc6 36. b5 Nd4 37. b6 Kg7 38. b7 Bd6 39. Rd8 1-0

[Event "Mistrzostwa Polski Niewidomych"]
[Site "Jastrzebia Gora"]
[Date "2009.06.12"]
[Round "11.6"]
[White "Zoltek, Tadeusz"]
[Black "Pawelec, Bartosz"]
[Result "1/2-1/2"]
[WhiteElo "2227"]
[BlackElo "2054"]
[PlyCount "100"]
[EventDate "2009.??.??"]

1. Nf3 Nc6 2. d4 d5 3. g3 Bf5 4. Bg2 Nf6 5. O-O h6 6. b3 e6 7. Bb2 Nb4 8. Na3
c5 9. c4 Be7 10. cxd5 Nbxd5 11. Nc4 O-O 12. Rc1 Rc8 13. dxc5 Bxc5 14. Bd4 b5
15. Nce5 Qb6 16. Rxc5 Rxc5 17. Nd3 Bxd3 18. Qxd3 Qc7 19. Bxc5 Qxc5 20. a4 bxa4
21. bxa4 Rb8 22. h3 Rb4 23. Ne5 Rxa4 24. e4 Rd4 25. Qb1 Nb4 26. Ng4 Nxg4 27.
hxg4 Rd2 28. e5 a5 29. Qe4 Nd5 30. Qa4 Nc7 31. Qf4 Qd4 32. Qxd4 Rxd4 33. Ra1 a4
34. Bc6 Rxg4 35. Kg2 g5 36. Rxa4 Rxa4 37. Bxa4 Nd5 38. Bd1 Kg7 39. Bh5 Nb4 40.
f4 gxf4 41. gxf4 f6 42. exf6+ Kxf6 43. Kf3 Nc6 44. Ke4 Ne7 45. Bg4 Nf5 46. Bd1
h5 47. Bf3 Ng3+ 48. Ke3 Kf5 49. Bd1 h4 50. Kf3 e5 1/2-1/2